000 00700nam a2200289Ia 4500
005 20260324134946.0
008 008 260324s9999 xx 000 0 eng d
020 _a9781315235738
037 _aEBOOK
040 _aCRL
040 _beng
040 _cCRL
041 _2eng
041 _aeng
084 _qCRL
100 _aLoredana Polezzi
_91198798
245 0 _aTranslating Travel
245 0 _bContemporary Italian Travel Writing in English Translation
260 _bTaylor and Francis
260 _c2001
365 _a
365 _b65.99
856 _uhttp://www.taylorfrancis.com/books/9781315235738
942 _cEBOOK
999 _c1799398
_d1799398